Statistics for Regions of Countries *4

Click here to take the quiz!

General Stats

  • This quiz has been taken 162 times
  • The average score is 14 of 20

Answer Stats

RegionCountry% Correct
TibetChina
99%
SuezEgypt
99%
Pays-de-la-LoireFrance
96%
Baden-WürttembergGermany
93%
KilimanjaroTanzania
92%
Prince Edward IslandCanada
87%
GotlandSweden
87%
Rio Grande do SulBrazil
85%
South TyrolItaly
79%
TripolitaniaLibya
74%
AbkhaziaGeorgia
73%
SyddanmarkDenmark
64%
DagestanRussia
62%
ExtremaduraSpain
61%
GroningenNetherlands
60%
NinevehIraq
46%
TelemarkNorway
43%
ZaporizhiaUkraine
42%
ŠumadijaSerbia
35%
Goldfields-EsperanceAustralia
30%

Score Distribution

Percentile by Number Answered

Percent of People with Each Score

Your Score History

You have not taken this quiz